00648nam a2200193Ia 4500003000900000008004100009020002200050040001600072080002300088245011900111260003700230300001500267490005100282650001700333650003000350650003000380650002200410700002200432IN-BaIIA211028s9999 xx 000 0 eng d a978-1-4020-1178-8 cIIA Library a52(082.1)bASS-285 0aInformation handling in astronomybhistorical vistascedited by Andre Heck  aDordrechtbKluwer Academicc2003 axii, 294p. aAstrophysics and space science library; v. 285 aAmateur data aAstronomical publications aAstronomy digital library aOptical astronomy aHeck, Andre., ed.